[Event "Teplice Open 2017"]
[Site "Teplice"]
[Date "2017.06.13"]
[Round "4"]
[White "Nagy, Gabor"]
[Black "Liepold, Stefan"]
[Result "1-0"]
[WhiteElo "2447"]
[BlackElo "2186"]
[Annotator "TA"]
[PlyCount "89"]
[EventDate "2017.??.??"]
[EventCountry "CZE"]
[SourceTitle "playchess.com"]
[Source "ChessBase"]
[SourceQuality "1"]

{[%evp 15,89,48,52,50,50,27,69,72,72,61,60,58,59,53,56,39,64,57,52,16,16,14,40,12,29,6,32,0,29,37,39,14,32,37,41,5,5,9,151,133,152,127,281,275,281,272,240,136,403,340,340,340,343,340,343,241,246,241,305,219,279,104,340,340,340,340,340,340,340,340,315,300,340,340,340,340]} 1. Nf3 Nf6 2. c4 g6 3. Nc3 d5 4. cxd5 Nxd5 5. Qc2 (5. Qb3 Nb6 6. d4 Bg7 7. e4 Bg4 8. Bb5+ c6 9. Ng5 O-O 10. Be2 Bxe2 11. Nxe2 Na6 12. Qh3 h6 13. Nf3 h5 14. Rg1 Nb4 15. g4 {1-0 (31) Wojtaszek,R (2745)-Mamedyarov,S (2772) Shamkir 2017}) 5... Bg7 6. e4 {A16: English Opening: 1...Nf6 with ...d5} Nxc3 7. dxc3 c5 8. Bf4 O-O {LiveBook: 3 Games} 9. Be2 Qb6 $146 ({Predecessor:} 9... Nc6 10. h3 Qa5 11. O-O b5 12. a3 Rd8 {½-½ (60) Plischki,S (2332)-Seidl,S (2090) Teplice 2011}) 10. Nd2 Na6 11. Nc4 Qc6 12. O-O Be6 13. Rfd1 Rad8 14. a4 Qc8 15. h3 Rxd1+ 16. Rxd1 Rd8 17. Na5 Rxd1+ 18. Qxd1 h5 19. Qd3 {With the idea Qb5.} Nb8 (19... c4 $5 20. Nxc4 Nc5 $14) 20. Nc4 Nc6 21. Ne3 Qd7 22. Nd5 Ne5 23. Qd1 a6 24. Be3 $36 {[%mdl 2048] White is more active.} Bxd5 25. exd5 {[#] aiming for f4.} c4 26. b3 b5 (26... Qc7 $11 {keeps the balance.}) 27. axb5 $16 axb5 28. f4 Bh6 $2 (28... Nd3 $16 {is a better defense.}) 29. Qd4 $18 cxb3 {[#] And now ...b2 would win.} 30. Qxe5 b2 31. Qe4 (31. Bd3 $18) 31... Qc8 $2 {[%mdl 8192]} (31... Bg7 $16 32. Bd3 Bxc3) 32. Qc2 b4 33. Qxb2 bxc3 34. Qc2 Qc7 35. Bd1 Qc4 36. Bf3 Bg7 37. Kf2 h4 38. Ke1 $2 (38. Qe4 $18 {and White stays clearly on top.} Qa2+ 39. Ke1) 38... Bf6 $2 (38... Bd4 $16 39. Bxd4 Qxd4) 39. Qe4 {White has a decisive advantage.} Qa2 40. Bd1 Qb2 41. Bc2 Kg7 42. f5 {[%cal Rf5g6]} g5 43. Kd1 Qa1+ 44. Ke2 Qa6+ 45. Qd3 {Precision: White = 53%, Black = 38%.} 1-0

[Event "Teplice Open 2017"]
[Site "Teplice"]
[Date "2017.06.13"]
[Round "4"]
[White "Langrock, Hannes"]
[Black "Kulhanek, Tomas"]
[Result "1-0"]
[WhiteElo "2388"]
[BlackElo "2353"]
[Annotator "TA"]
[PlyCount "102"]
[EventDate "2017.??.??"]
[EventCountry "CZE"]
[SourceTitle "playchess.com"]
[Source "ChessBase"]
[SourceQuality "1"]

{[%evp 20,102,5,7,37,38,52,50,76,63,73,61,67,39,56,50,45,29,30,40,52,43,71,71,76,61,76,75,76,77,87,84,161,153,159,155,213,221,217,213,225,217,254,258,293,299,297,302,416,420,429,426,464,442,511,405,372,366,483,483,485,454,442,420,572,553,751,764,885,877,854,827,731,729,695,672,825,725,724,586,1302,1499,1444,1449,961]} 1. d4 Nf6 2. c4 e6 3. Nc3 Bb4 4. Qc2 c5 5. dxc5 O-O 6. Nf3 Na6 {[%cal Bb8a6,Ba6c5,Bc5e4][%mdl 32]} 7. g3 Nxc5 8. Bg2 b6 9. O-O {E39: Nimzo-Indian: Classical: 4...c5 5 dxc5 0-0} Bb7 10. Bf4 (10. Nb5 Be4 11. Qd1 Nb7 12. Bf4 a6 13. Nd6 Bxd6 14. Bxd6 Nxd6 15. Qxd6 Qb8 16. Rfd1 Qb7 {½-½ (71) Akobian,V (2661)-Bruzon Batista,L (2652) Saint Louis 2017}) 10... Bxc3 11. Qxc3 {LiveBook: 5 Games. The position is equal.} Nce4 $146 ({Predecessor:} 11... d5 12. Rad1 Qe7 13. Qa3 Rfd8 14. cxd5 Nxd5 15. Bg5 f6 16. Bc1 a5 {0-1 (47) Finegold,B (2483)-Harmon Vellotti,L (2454) chess.com INT 2017}) 12. Qa3 Qc8 13. Rac1 h6 14. h3 Ne8 15. Rfd1 d6 16. Be3 e5 17. Nd2 {[%cal Bf3d2,Bd2e4,Be4c3][%mdl 32]} Nc5 18. Bxc5 Bxg2 19. Kxg2 bxc5 20. Ne4 Qb7 {[#] And now ...f5 would win.} 21. Qf3 Rb8 22. b3 Qa6 23. Rc2 f5 24. Nc3 e4 25. Qe3 Nf6 (25... Rb7 $16) 26. Qf4 $36 {[%mdl 2048] White is in control.} Rbd8 27. Qxf5 d5 (27... Rde8 $16) 28. cxd5 Nxd5 29. Qe5 (29. Rxd5 $6 Rxf5 30. Rxd8+ Rf8 $16) 29... Rfe8 {[#]} 30. Qh5 $1 ({Weaker is} 30. Rxd5 Rxe5 31. Rxe5 (31. Rxd8+ Kh7 $11) 31... c4 $14) 30... Nxc3 31. Rxc3 Rf8 32. Rxd8 Rxd8 {[%mdl 4096] Endgame KQR-KQR} 33. a4 ({Much less strong is} 33. Qxc5 Qxe2 34. Qe7 (34. Qxa7 Rd1 $11) 34... Ra8 $18) 33... Qb6 34. Qxc5 Qxc5 35. Rxc5 {KR-KR} Rd2 36. e3 Rb2 37. Rc4 Rxb3 38. Rxe4 Ra3 39. g4 Ra2 40. Kg3 Kf7 41. h4 {[%cal Bh3h4,Bh4h5][%mdl 32]} Kf6 42. h5 {White is clearly winning.} a5 43. f3 Ra3 44. Kf4 Ra2 45. Rc4 Ra3 46. Ke4 Ke6 47. f4 Kf6 48. Rc6+ Kf7 49. Kf5 Rxa4 50. Rc7+ Kf8 51. Ra7 Ra3 {Precision: White = 86%, Black = 29%.} 1-0

[Event "Teplice Open 2017"]
[Site "Teplice"]
[Date "2017.06.13"]
[Round "4"]
[White "Fries-Nielsen, Jens Ove"]
[Black "Hirneise, Tobias"]
[Result "0-1"]
[WhiteElo "2353"]
[BlackElo "2466"]
[Annotator "TA"]
[PlyCount "68"]
[EventDate "2017.??.??"]
[EventCountry "CZE"]
[SourceTitle "playchess.com"]
[Source "ChessBase"]
[SourceQuality "1"]

{[%evp 9,68,0,4,0,0,-28,0,-12,-10,-25,14,0,15,-5,-1,-10,0,0,-13,-59,6,-145,-71,-72,-35,-101,-98,-165,-171,-362,-344,-366,-359,-395,-135,-300,-322,-320,-274,-297,-241,-379,-374,-435,-426,-623,-487,-510,-612,-587,-607,-586,-521,-489,-508,-1045,-1017,-1351,-1354,-29995,-29996]} 1. d4 d5 2. Nc3 Nf6 3. Bf4 c5 4. e3 cxd4 5. exd4 Bg4 (5... a6 6. Bd3 Nc6 7. Nce2 Bg4 8. c3 e6 9. Qd2 Bh5 10. Bg5 Bg6 11. Nf4 Bxd3 12. Nxd3 Bd6 13. Nf3 {1-0 (36) Carlsen,M (2840)-Bok,B (2598) Doha 2016}) 6. f3 {Threatens to win with Nb5. B13: Caro-Kann: Exchange Variation and Panov-Botvinnik Attack} Bd7 7. Qd2 e6 $146 ({Predecessor:} 7... a6 8. Bd3 Nc6 9. Nce2 b5 10. c3 Qb6 11. a3 Na5 {0-1 (35) Boguszlavszkij,J (2235)-Meszaros,T (2448) Hungary 2011}) 8. g4 {The position is equal.} a6 9. Nge2 Bb4 10. a3 Be7 11. Ng3 O-O 12. h4 Nc6 13. g5 Ne8 14. h5 Qb6 (14... Rc8 $15) 15. Nge2 $2 (15. O-O-O $11) 15... Nd6 (15... Qxb2 $142 16. Rb1 Qxa3 17. Rxb7 Ra7) 16. Na4 $17 Qd8 17. Ng3 ({White should try} 17. Bxd6 $15 Bxd6 18. Nc5) 17... Na5 18. Nc5 (18. Nc3 $17) 18... Ndc4 $1 $36 {[%cal Rc4d2][%mdl 2048] Black is really pushing.} 19. Qc1 $2 {[#]} (19. Bxc4 Nxc4 20. Qf2) 19... e5 $1 {[%cal Be6e5,Be5f4,Bf4g3][%mdl 544]} 20. Nxd7 (20. dxe5 Bxc5) 20... exf4 21. Nxf8 Bxg5 $2 ({Don't blunder} 21... Kxf8 $2 22. g6 $18) (21... Qxf8 22. Qxf4 Bd6 23. Qh4 $11) (21... fxg3 $19 {has better winning chances.} 22. Bxc4 Bxg5) 22. Nxh7 $2 {[#]} (22. Nf5 $17 {only move.} Kxf8 23. b4) 22... Qe7+ $1 ({Weaker is} 22... Kxh7 23. Bd3+ Kh8 24. Nf5 $11) 23. Be2 {Strongly threatening Nf5.} Re8 24. O-O {[#] Nf5 is the strong threat.} Ne3 $1 ({Stronger than} 24... fxg3 25. Qxg5 Qxe2 26. Qxg3 $16) 25. Bd3 (25. Qd2 $142 Nc6 26. Bd3 fxg3 27. f4) 25... fxg3 26. Nxg5 Qxg5 27. Re1 (27. Qd2 $142 Nc6 28. c3) 27... Qxh5 {[%csl Gg3][%cal Rh5h2]} 28. Qd2 Re6 29. Rxe3 Rxe3 30. Qg2 Qh4 31. Qh1 Qxd4 32. Qh7+ (32. Kg2 $142 g6 33. Re1) 32... Kf8 {( -> ...Re2+)} 33. Kg2 {[#]} Re2+ $1 {[%mdl 512]} 34. Kxg3 (34. Bxe2 Qf2+) 34... Qe5+ {Precision: White = 27%, Black = 73%.} 0-1

[Event "Teplice Open 2017"]
[Site "Teplice"]
[Date "2017.06.13"]
[Round "4"]
[White "Serrano Salvador, Eduardo"]
[Black "Zakhartsov, Viacheslav V"]
[Result "1/2-1/2"]
[WhiteElo "2326"]
[BlackElo "2544"]
[Annotator "TA"]
[PlyCount "61"]
[EventDate "2017.??.??"]
[EventCountry "CZE"]
[SourceTitle "playchess.com"]
[Source "ChessBase"]
[SourceQuality "1"]

{[%evp 13,61,16,28,4,-7,-40,-22,-34,0,-59,0,0,0,0,0,0,0,0,0,0,0,0,12,-63,-62,-66,0,0,50,0,0,0,0,-4,39,39,40,69,49,24,24,19,16,-36,-31,-39,-25,-35,0,5]} 1. d4 Nf6 2. Nf3 c5 3. d5 g6 4. Nc3 Bg7 5. e4 O-O 6. e5 Ne8 {A43: Schmid Benoni} 7. Be2 d6 {LiveBook: 3 Games} 8. e6 $146 ({Predecessor:} 8. exd6 Nxd6 9. O-O Bg4 10. Re1 Nd7 11. a4 Re8 12. a5 a6 13. Ra4 Nf6 14. Bf4 {0-1 (40) Najer,E (2585)-Wojtkiewicz,A (2555) Washington DC 2002}) 8... fxe6 9. dxe6 Bxe6 10. Ng5 Qd7 11. O-O ({Better is} 11. Nd5 $1 $11) 11... Nc7 (11... Nc6 $15) 12. Nxe6 $11 Qxe6 13. Bf3 Nc6 14. Nd5 Qd7 15. Bg4 Qd8 16. c3 Kh8 17. Bg5 h6 18. Bh4 (18. Be3 $11) 18... Nxd5 $15 19. Qxd5 {[#]} Bf6 (19... e6 $1 $15 {[%mdl 512]} 20. Bxd8 (20. Qxe6 Qxh4) 20... exd5) 20. Bg3 $11 Qc7 (20... e5 $5 {[%cal Rh6h5]} 21. h3 h5 $11) 21. Qxc5 (21. Qe4 $14) 21... e5 22. Qc4 d5 $1 {[%cal Rd5c4]} 23. Qa4 ({Of course not} 23. Qxd5 h5 $17) 23... b5 24. Qxb5 {Threatens to win with Bf3.} h5 $1 25. Bf3 h4 26. Bxd5 {[#] aiming for Bxh4.} (26. Qxd5 {with more complications.} Ne7 27. Qd2 hxg3 28. Bxa8 gxh2+ 29. Kxh2 Rxa8 30. Rad1) 26... Rac8 27. Bxh4 Bxh4 28. Bxc6 (28. Rad1 $11) 28... Qxc6 $15 29. Qxe5+ Bf6 30. Qe3 Qb7 {[%mdl 1024] Black has compensation.} 31. Qh6+ {Precision: White = 60%, Black = 61%.} 1/2-1/2

[Event "Teplice Open 2017"]
[Site "Teplice"]
[Date "2017.06.13"]
[Round "4"]
[White "Kirk, Ezra"]
[Black "Turov, Maxim"]
[Result "1-0"]
[WhiteElo "2324"]
[BlackElo "2595"]
[Annotator "TA"]
[PlyCount "71"]
[EventDate "2017.??.??"]
[EventCountry "CZE"]
[SourceTitle "playchess.com"]
[Source "ChessBase"]
[SourceQuality "1"]

{[%evp 12,71,29,29,39,26,40,5,3,14,29,24,26,31,52,22,16,25,23,26,29,24,30,0,0,0,33,22,62,18,73,70,123,123,102,112,124,118,155,135,145,139,227,222,327,344,408,386,394,291,529,522,510,244,383,385,347,338,780,764,853,858]} 1. e4 c6 2. d4 d5 3. e5 Bf5 4. Nf3 {[%cal Bg1f3,Bf3e1,Be1c2][%mdl 32]} e6 5. Be2 Nd7 6. O-O h6 7. Nbd2 Ne7 {B12: Caro-Kann: Advance Variation} 8. Nb3 Qc7 9. Ne1 $146 ({Predecessor:} 9. Bd2 g5 10. c4 a5 11. Rc1 dxc4 12. Bxc4 Bg7 13. Re1 O-O 14. h4 g4 {1-0 (39) Vachier Lagrave,M (2804)-Tomashevsky,E (2716) Doha 2016}) 9... c5 {The position is equal.} 10. c3 c4 11. Nd2 b5 12. Nc2 Nb6 13. f4 Bh7 14. Ne3 Nf5 15. Nxf5 Bxf5 16. g4 Bh7 $1 17. Rf2 Be7 18. Nf1 Qd7 19. Ng3 Bh4 20. Rf3 O-O-O (20... f6 $11 {remains equal.}) 21. b3 $16 Be7 (21... Kb7 $14) 22. a4 bxa4 23. bxc4 dxc4 24. f5 f6 {[#]} 25. fxe6 $1 Qxe6 26. Rxa4 $1 Kb8 {[#]} (26... Nxa4 $16 {was worth a try.} 27. Qxa4 Bd3) 27. exf6 $1 {[%cal Be5f6,Bf6g7][%mdl 544]} Bd6 (27... gxf6 $142 28. Ra5 Rhg8) (27... Bxf6 28. Bf4+) 28. fxg7 $18 Rhe8 {intending ...Bxg3.} 29. Ra2 Rg8 30. g5 ({Don't take} 30. Re3 Qf7 $18) 30... hxg5 $2 (30... Rxg7 31. Rf6 Qe7 32. Rxh6 Rg6 33. Rxg6 Bxg6) 31. Bxg5 Rd7 32. Bf6 (32. Rf6 $142 Qe8 33. Rxd6 Rxd6 34. Bf4) 32... Rdxg7 (32... Be4 $142 33. Nxe4 Qxe4) 33. Bxg7 Rxg7 34. Qf1 Qd5 $2 {[#]} (34... Qg8 35. Rf6 Be4) 35. Rf8+ $1 Nc8 (35... Bxf8 36. Qxf8+) 36. Rb2+ {Precision: White = 61%, Black = 31%.} 1-0

[Event "Teplice Open 2017"]
[Site "Teplice"]
[Date "2017.06.13"]
[Round "4"]
[White "Grela, Kacper"]
[Black "Babula, Vlastimil"]
[Result "0-1"]
[WhiteElo "2310"]
[BlackElo "2552"]
[Annotator "TA"]
[PlyCount "58"]
[EventDate "2017.??.??"]
[EventCountry "CZE"]
[SourceTitle "playchess.com"]
[Source "ChessBase"]
[SourceQuality "1"]

{[%evp 21,58,7,13,22,22,17,27,-8,0,12,19,-21,0,0,0,0,0,-4,-10,-292,-293,-288,-285,-321,-315,-437,-446,-635,-669,-634,-619,-662,-650,-4890,-1344,-4862,-1310,-1268,-1237]} 1. e4 c5 2. Nf3 e6 3. d4 cxd4 4. Nxd4 Nc6 5. Nc3 Qc7 6. Be2 a6 7. Be3 Nf6 8. O-O Be7 9. f4 d6 10. a4 O-O 11. Qe1 e5 12. Nxc6 {B85: Sicilian Scheveningen: 6 Be2 a6, lines with early Be3} bxc6 13. fxe5 dxe5 14. Qg3 {White has an edge.} Be6 15. a5 {[#]} Rfb8 $146 ({Predecessor:} 15... Kh8 16. Kh1 c5 17. b3 h6 18. Bc4 Bxc4 19. bxc4 Rab8 {1-0 (34) Goerlinger,S (2509)-Voyna,A (2614) ICCF email 2001}) 16. Bd3 (16. Bh6 $5 {[%cal Rg3g7]} Ne8 17. b3 $11) 16... c5 17. b3 c4 $36 {[%mdl 2048] Black is pushing.} 18. bxc4 Bxc4 19. Bxc4 Qxc4 20. Qxe5 $2 {[%mdl 8192]} (20. Bh6 $11 {and White is okay.} Nh5 21. Qf3) 20... Ng4 $1 $19 {[%csl LRe3,LRe5][%cal Rg4e5]} 21. Qxe7 Nxe3 22. Rf3 {[#]} Re8 $1 {[%cal Re8e7]} ({Less strong is} 22... Qxc3 {[#]} 23. Raf1 $1 $15 {[%mdl 512]}) 23. Qb7 Qxc3 {Black is clearly winning.} 24. Raf1 (24. Rb1 $142 f6 25. Rg3) 24... Qc5 25. R1f2 Ng4 26. Rxf7 Qe5 27. R2f5 Qxh2+ 28. Kf1 Ne3+ (28... Qh1+ $142 29. Ke2 Qxg2+ 30. Kd3 Rad8+ 31. Kc3 Rc8+ 32. Rc7 Qg3+ 33. Kb2 Qxc7 34. Qxc7 Rxc7) 29. Kf2 Nxf5 {Precision: White = 51%, Black = 72%.} 0-1

[Event "Teplice Open 2017"]
[Site "Teplice"]
[Date "2017.06.13"]
[Round "4"]
[White "Toma, Katarzyna"]
[Black "Butkiewicz, Lukasz"]
[Result "0-1"]
[WhiteElo "2253"]
[BlackElo "2460"]
[Annotator "TA"]
[PlyCount "118"]
[EventDate "2017.??.??"]
[EventCountry "CZE"]
[SourceTitle "playchess.com"]
[Source "ChessBase"]
[SourceQuality "1"]

{[%evp 9,118,26,42,22,21,17,20,21,50,28,29,17,27,14,24,20,25,22,16,6,48,6,45,15,22,0,24,0,16,17,34,0,0,0,31,-12,0,0,0,0,0,0,0,0,69,68,91,0,0,0,0,0,0,0,0,0,0,0,0,-17,0,-14,0,-44,0,0,0,-66,-45,-57,-50,-181,-106,-144,-84,-75,-83,-84,-77,-102,-105,-407,-400,-371,-366,-522,-525,-560,-421,-398,-351,-341,-345,-401,-185,-467,-453,-420,-410,-377,-200,-556,-533,-921,-914,-29994,-29995,-29995,-29996,-29997,-29998]} 1. e4 c5 2. Nc3 Nc6 3. Bb5 g6 4. Bxc6 dxc6 5. d3 Bg7 6. Nge2 {B23: Closed Sicilian: Lines without g3} (6. f4 Nf6 7. Nf3 Nd7 8. O-O b6 9. Qe1 Nf8 10. f5 gxf5 11. Nh4 fxe4 12. dxe4 Ng6 13. Nf5 O-O {0-1 (32) Najer,E (2658)-Savchenko,B (2567) Moscow 2015}) 6... e5 7. Be3 b6 8. Qd2 {The position is equal.} Nf6 9. h3 (9. Bh6 $5 {[%cal Rh6g7]} O-O 10. O-O $14) 9... Be6 10. b3 (10. Bh6 $5 {[%cal Rh6g7]} O-O 11. Bxg7 Kxg7 12. f4 $14) 10... Qe7 11. Bh6 Bxh6 12. Qxh6 Nd7 13. O-O O-O-O $146 ({Predecessor:} 13... f6) 14. f4 f6 15. Nd1 Rhg8 16. fxe5 Nxe5 17. Ne3 Rdf8 18. Nc4 Nxc4 19. bxc4 g5 {[%cal Bg6g5,Bg5g4][%mdl 32]} 20. Qh5 g4 21. h4 g3 {aiming for ...Bg4.} (21... f5 $5) 22. Rf4 {[%cal Bf1f4,Bf4g4,Bg4g7][%mdl 32]} Qd7 {...Bg4 is the strong threat.} (22... Qg7 $5 {[%cal Re6g4]}) 23. Qh6 Bg4 24. Nxg3 {Hoping for Raf1.} Qd4+ 25. Kh2 Qxa1 {[#]} 26. Rxg4 $1 {[%mdl 512]} Qe5 (26... Rxg4 $11 27. Qxf8+ Kb7) 27. Rg7 $14 Kd8 28. Kh3 ({White should play} 28. Qxh7 $16 Rh8 29. Qf5 Rxh4+ 30. Kg1 Qxf5 31. Nxf5) 28... Rxg7 $11 29. Qxg7 {[%mdl 4096] Endgame KQR-KQN} Qe7 $36 {[%mdl 2048] White is under pressure.} 30. Qg4 Kc7 31. Nf5 Qd7 32. h5 Kb7 33. h6 Ka6 34. Kh4 (34. Qg7 $5 {[%cal Rg7d7]} Rf7 35. Qg8 $11) 34... Qc7 {And now ...Qh2+ would win.} 35. g3 Ka5 36. d4 Rd8 (36... Ka6 $5 {[%cal Rc5d4]} 37. Ng7 Qe7 $17) 37. d5 (37. Qg7 $5 {[%cal Rg7c7]} Rd7 38. Qxf6 cxd4 39. e5 $15) 37... cxd5 38. cxd5 (38. exd5 $11 Qe5 39. Kh3) 38... Qe5 $1 $15 39. Qf3 {Threatening mate with Qa3+.} b5 40. Qe3 (40. Kh3 $15) 40... Kb6 (40... Re8 $1 $19 41. Qxc5 Qxe4+ 42. g4 a6) 41. Kg4 Re8 (41... Qb2 $142 42. Qf4 Qxc2) 42. Kf3 $17 Qa1 {Threatens to win with ...Qd1+.} 43. Qd3 Qh1+ 44. Kf4 Qg1 45. Ng7 $2 {[%mdl 8192]} (45. Kf3 $17 {is more resistant.}) 45... Re5 $1 $19 46. Nf5 {[#]} Qf2+ $1 47. Qf3 (47. Kg4 $142 c4 48. Qf3 Qxc2 49. Qe3+ Ka6 50. Kf4) 47... Qxc2 48. Qe3 Qd1 49. g4 Re8 50. Ng7 Rg8 51. Kf5 Rc8 (51... Qa1 $142 {[%csl Gf6][%cal Ra1e5]} 52. Qf4 {[#]} Qe5+ $1 {[%mdl 512]} 53. Qxe5 fxe5 54. Kxe5 b4) 52. Ne6 $2 (52. Qf4) 52... Qf1+ 53. Nf4 Qa1 {[%csl Gf6][%cal Ra1e5]} 54. Nd3 Qc3 (54... Qxa2 $142 {Strongly threatening ...Qc4.} 55. Kxf6 Qh2) 55. g5 $2 (55. d6 {nothing else works.}) 55... fxg5 56. e5 Qc4 57. d6 Rf8+ {Black mates.} 58. Kxg5 Rg8+ 59. Kf6 Rg6+ {Precision: White = 36%, Black = 47%.} 0-1

[Event "Teplice Open 2017"]
[Site "Teplice"]
[Date "2017.06.14"]
[Round "5"]
[White "Rausis, Igors"]
[Black "Langrock, Hannes"]
[Result "1-0"]
[WhiteElo "2617"]
[BlackElo "2393"]
[Annotator "TA"]
[PlyCount "187"]
[EventDate "2017.??.??"]
[EventCountry "CZE"]
[SourceTitle "playchess.com"]
[Source "ChessBase"]
[SourceQuality "1"]

{[%evp 12,187,20,20,23,20,21,20,20,20,16,17,25,22,27,20,10,12,24,20,23,9,29,29,25,20,22,12,32,32,27,50,44,45,92,97,103,87,107,86,100,100,123,95,94,99,99,103,114,79,82,82,83,83,83,83,114,70,99,93,83,24,17,-302,34,50,85,66,94,3,3,0,0,0,0,0,0,0,0,0,0,0,6,6,6,0,0,0,0,0,0,0,6,6,8,8,8,6,6,5,240,147,275,6,316,316,316,326,668,672,679,667,544,544,544,74,250,0,29959,12825,29961,29962,29967,29968,29967,29964,29961,617,2639,1625,29966,679,29968,544,535,0,29966,29968,29968,29969,29967,29966,29967,0,8,8,29984,29985,29985,29986,29986,29987,29987,29988,29988,29989,29989,29989,29989,29990,29990,29991,29992,29991,29991,29992,29993,29993,29993,29994,29994,29994,29995,29996,29996,29996,29996,29996]} 1. d4 e6 2. c4 d5 3. Nf3 Nf6 4. Nc3 dxc4 5. e4 Bb4 6. Qc2 c5 {D24: Queen's Gambit Accepted: 3 Nf3 Nf6 4 Nc3} (6... b5 7. e5 Nd5 8. a4 c6 9. Be2 Bb7 10. O-O a6 11. Ne4 Nd7 12. Nfg5 h6 13. Nf3 Be7 14. b3 cxb3 15. Qxb3 b4 16. Nfd2 a5 17. Qg3 Kf8 18. Nb3 Ba6 19. Bxa6 Rxa6 {0-1 (44) Perez Mitjans,O (2462)-Ponomariov,R (2706) Madrid 2016}) 7. dxc5 {LiveBook: 3 Games} Qa5 8. Bd2 Qxc5 {The position is equal.} 9. e5 Bxc3 $1 10. Qxc3 Nd5 11. Qxc4 Qxc4 12. Bxc4 Nc6 13. Ke2 $146 ({Predecessor:} 13. O-O-O Bd7 14. Bg5 {½-½ (86) Sosa Macho,J (2218)-Izquierdo,D (2274) Montevideo 2003}) 13... Bd7 14. Rac1 Rc8 15. Rhd1 h6 16. h4 Ke7 17. a3 Rhd8 18. b3 b5 19. Bd3 b4 20. Ba6 Rb8 21. a4 Rb6 22. Bc4 Bc8 23. Bxd5 exd5 24. Be3 Ra6 25. Bc5+ Ke8 26. Nd4 Be6 27. Nxc6 Rxc6 28. Bxa7 Rxc1 29. Rxc1 $16 {[%mdl 4096] Endgame KRB-KRB} d4 30. Rb1 d3+ 31. Kd2 Rc8 32. Bd4 Bf5 33. Rb2 Kd7 34. f3 Kc6 35. g4 Kd5 36. gxf5 (36. Ke3 $16 Bh7 37. a5) 36... Kxd4 {KR-KR} 37. a5 $2 {[%mdl 8192]} (37. Ra2 $11 {and White is okay.}) 37... Kxe5 $2 ({Black should play} 37... Rc5 $1 $19 {[%cal Rc5e5]} 38. e6 fxe6 39. fxe6 Rxa5) 38. Kxd3 $14 Rc3+ 39. Ke2 Kd6 40. Rd2+ ({Better is} 40. a6 $16) 40... Kc6 $11 41. f6 (41. Rd3 $5 {[%cal Rd3c3]} Rc2+ 42. Ke3 $11) 41... gxf6 42. Rd3 Rc2+ 43. Kd1 Ra2 44. Rd4 Kb5 45. Rd5+ Ka6 $1 46. Kc1 Rh2 47. h5 Re2 48. Rd6+ Kxa5 49. Rxf6 Re3 50. Kc2 Rc3+ 51. Kb2 Re3 52. f4 Re2+ 53. Kc1 Re3 54. Kc2 Rc3+ 55. Kb2 Rc5 $2 (55... Rf3 $11 {and Black has nothing to worry.}) 56. f5 ({Worse is} 56. Rxf7 Rxh5 57. f5 Rh2+ 58. Kc1 Kb5 $11) 56... Re5 (56... Kb5 $16 {was necessary.} 57. Rxf7 Kc6) 57. Kc2 $2 (57. Rxh6 Rxf5 58. Rh8 Rf2+ 59. Kc1 Rh2 $11) (57. Rxf7 $18 Kb5 58. Kc2) 57... Rd5 $2 {[%mdl 8192]} (57... Rc5+ $1 $11 58. Kb2 Kb5) 58. Rxf7 $18 Kb6 59. Rf8 Kb7 $2 (59... Kc5 60. f6 Rd7) 60. f6 Rxh5 61. Kd3 $1 {[%cal Rd3e4]} Rh4 {[#]} 62. Ke3 $1 {f7 is the strong threat.} Rh1 63. Kf4 $2 (63. Ke4 $18 {and White stays clearly on top. aiming for f7.} Rf1 64. f7) 63... Rf1+ $2 (63... Kc6 $16 {keeps fighting.}) 64. Kg4 $2 (64. Ke5 $18) 64... Rg1+ $2 {[%mdl 8192]} (64... Kc7 $11) 65. Kf5 (65. Kh5 $142 Rf1 66. Kg6 Rb1 67. f7 (67. Kxh6 Rxb3 68. Re8 Rh3+ 69. Kg7 Rg3+ 70. Kf8 Kc6 $11) 67... Rg1+ 68. Kxh6 Rf1 69. Kg7 Rg1+ 70. Kh6 Rh1+ 71. Kg7 Rg1+ 72. Kh6) 65... Rf1+ 66. Kg6 Rg1+ 67. Kxh6 Rh1+ 68. Kg5 Rg1+ 69. Kf4 (69. Kf5 $142 Rf1+ 70. Ke6 Re1+ 71. Kd6 Rf1 72. f7 Rf3 73. Kc5 Rf4 74. Kb5) 69... Rf1+ 70. Ke5 Re1+ 71. Kd5 (71. Kd6 $142 Rf1 72. f7 Rf2 73. Kc5 Rf4 74. Kb5 Ka7 75. Kc6 Rf1 76. Kc5) 71... Rf1 72. Kc5 (72. Ke6 $142 Rf3 73. Rg8 Rxb3 74. f7 Rf3 75. f8=Q Rxf8 76. Rxf8 Kc7 77. Kd5) 72... Rf4 73. Kd5 (73. Kb5 $18 Kc7 74. f7) 73... Rf1 $1 {[#]} 74. Ke6 $1 Re1+ 75. Kf7 Re3 76. Re8 Rxb3 77. Re4 $2 (77. Re5 {mates} Rf3 78. Ke7 Rf1 79. f7 Rf3 80. f8=Q Rxf8 81. Kxf8 Kb6 82. Ke7) 77... Kc6 $11 78. Ke6 {Hoping for f7.} Kc5 $2 {[%mdl 8192]} (78... Kb5 $11) 79. f7 {White mates.} Rf3 80. Re5+ Kc4 81. Rf5 Rxf5 82. Kxf5 {KP-KP} b3 83. f8=Q b2 84. Qb8 Kc3 85. Ke4 Kc2 86. Qc7+ Kd2 87. Qb6 Kc2 88. Qc5+ Kd2 89. Qb4+ Kc2 90. Qc4+ Kd2 91. Qb3 Kc1 92. Qc3+ Kb1 93. Kd3 Ka2 94. Qa5+ {Precision: White = 50%, Black = 44%.} 1-0